000 00769nam a2200229 u 4500
005 20240228063709.0
008 090527s1997 r 000 0 eng d
020 _a8420784605
035 _aUPN01000170732
049 _aI
050 4 _aPZ74.9
_bL3.3
100 1 _aLanda, Mariasun,
_d1949-
_939023
245 1 0 _aCuando los gatos se sienten tan solos /
_cMariasun Landa ; tr. de la autora ; il. de Asun Balsola.
260 _aMadrid :
_bAnaya,
_c1997.
300 _a96 p. :
_bil.
440 0 _aSopa de libros ;
_v15.
_pA partir de 12 años
534 _pTítulo original:
_tKatuak bakar-bakarrik sentitzen direnean
650 4 _aCuentos infantiles
_96744
650 4 _aGATOS -
_vLITERATURA INFANTIL
_910191
650 4 _aRelaciones de familia
_96077
905 _aLibro
999 _c142837
_d142837